[Event "Lichtenberger Sommer"]
[Site "Berlin"]
[Date "2009.08.23"]
[Round "9.45"]
[White "Jabbusch, Burkhard"]
[Black "Koischwitz, Wanja"]
[Result "1-0"]
[WhiteElo "2017"]
[BlackElo "1720"]
[PlyCount "109"]
[EventDate "2009.??.??"]
[WhiteTeam "FHSG Stralsund"]
[BlackTeam "Queer-Springer SSV Berlin"]

1. f4 d5 2. Nf3 Bg4 3. e3 e6 4. d4 Nf6 5. Bd3 Bd6 6. Nbd2 O-O 7. O-O Nbd7 8. c3
c5 9. h3 Bf5 10. Qc2 cxd4 11. cxd4 Rc8 12. Qb1 Bg6 13. g4 Re8 14. Kg2 Nb6 15.
Ne5 Bxd3 16. Qxd3 h6 17. Kg3 Bb4 18. Nef3 Nc4 19. Nxc4 Ne4+ 20. Kg2 Rxc4 21. a3
Ba5 22. Bd2 Qb6 23. b4 Bxb4 24. axb4 Rec8 25. Rfc1 Nxd2 26. Qxd2 Rxc1 27. Rxc1
Rxc1 28. Qxc1 Qxb4 29. h4 Qc4 30. Qb2 b6 31. Kf2 f6 32. g5 hxg5 33. hxg5 Kf7
34. Kg3 Qd3 35. Qc1 Qc4 36. Qh1 Qc2 37. Qh8 a5 38. Qb8 Qc6 39. Qa7+ Kf8 40. Nh4
Qe8 41. Qxb6 fxg5 42. fxg5 a4 43. Qd6+ Kg8 44. Kg4 Kh7 45. g6+ Kh8 46. Kh5 e5
47. dxe5 a3 48. Nf3 a2 49. Qa6 d4 50. exd4 Qd8 51. Ng5 Qg8 52. Nf7+ Qxf7 53.
gxf7 g6+ 54. Kg5 Kg7 55. Qxg6+ 1-0

[Event "Lichtenberger Sommer"]
[Site "Berlin"]
[Date "2009.08.23"]
[Round "9.46"]
[White "Lieder, Günter"]
[Black "Schmidt, Jürgen"]
[Result "1/2-1/2"]
[WhiteElo "1873"]
[BlackElo "2035"]
[PlyCount "67"]
[EventDate "2009.??.??"]
[WhiteTeam "SK Turm Bad Hersfeld"]
[BlackTeam "SC Kreuzberg e.V."]

1. e4 e5 2. Nf3 Nc6 3. Bc4 Bc5 4. O-O Nf6 5. d3 d6 6. h3 h6 7. c3 Bb6 8. a4 a6
9. Nbd2 O-O 10. Re1 Be6 11. Ba2 Qd7 12. d4 Bxa2 13. Rxa2 exd4 14. Nc4 Rae8 15.
Nxb6 cxb6 16. Nxd4 Rxe4 17. Rxe4 Nxe4 18. Be3 Ne5 19. Qb3 Qc7 20. Qd1 f5 21. f4
Nc4 22. Bc1 Qf7 23. b3 Na5 24. Bb2 Nc6 25. c4 Re8 26. Ra1 Re7 27. Rb1 Ng3 28.
Kh2 Ne4 29. Kg1 d5 30. Nxc6 bxc6 31. Qd4 dxc4 32. Qxb6 c3 33. Ba3 Nd2 34. Rc1
1/2-1/2

[Event "Lichtenberger Sommer"]
[Site "Berlin"]
[Date "2009.08.23"]
[Round "9.82"]
[White "Llacer Bosbach, Ana"]
[Black "Mako, Attila"]
[Result "0-1"]
[WhiteElo "1492"]
[BlackElo "1756"]
[PlyCount "176"]
[EventDate "2009.??.??"]
[WhiteTeam "CIM Benimaclet - Valencia"]
[BlackTeam "BSC Rehberge 1945 e.V."]

1. e4 d6 2. d4 Nf6 3. Nc3 Nc6 4. d5 Ne5 5. h3 e6 6. Nf3 exd5 7. exd5 Bf5 8.
Nxe5 dxe5 9. Bb5+ Bd7 10. Bxd7+ Qxd7 11. O-O O-O-O 12. Be3 a6 13. Bg5 Bb4 14.
Qf3 Bxc3 15. bxc3 Qxd5 16. Qf5+ Qe6 17. Qxe6+ fxe6 18. Rfe1 h6 19. Bh4 Rd5 20.
Bg3 e4 21. Bf4 Rhd8 22. Be3 b5 23. a4 Kb7 24. axb5 Rxb5 25. Rab1 c6 26. Bd4 Rb8
27. c4 Rxb1 28. Rxb1+ Kc8 29. Ra1 Ra8 30. Re1 a5 31. g4 Kd7 32. h4 Kd6 33. g5
e5 34. Bc3 hxg5 35. hxg5 Nd7 36. Rxe4 a4 37. Re1 a3 38. Bb4+ c5 39. Bc3 Ra4 40.
f4 exf4 41. Bxg7 Rxc4 42. Ra1 Ra4 43. Kf2 a2 44. Kf3 Ke6 45. Kg4 Kf7 46. Bb2
Kg6 47. Rd1 Nf8 48. Rd6+ Kh7 49. Rh6+ Kg8 50. Rh8+ Kf7 51. Rh1 Rb4 52. Be5 Rb1
53. Rh6 a1=Q 54. Bxa1 Rxa1 55. Rf6+ Kg7 56. Rxf4 Ra6 57. Kf5 Ng6 58. Rc4 Rc6
59. Ke4 Ne7 60. Ke5 Kg6 61. Kf4 Nd5+ 62. Ke4 Nb6 63. Rc3 Kxg5 64. Rg3+ Kf6 65.
Rh3 Re6+ 66. Kd3 Ke5 67. Rh5+ Kd6 68. c4 Rg6 69. Rh4 Rg3+ 70. Kc2 Kc6 71. Rh6+
Kc7 72. Rh4 Kb7 73. Rh7+ Kc6 74. Rh6+ Kc7 75. Rh5 Na4 76. Rh4 Rc3+ 77. Kd2 Rb3
78. Kc2 Rb4 79. Rg4 Nb6 80. Kc3 Kb7 81. Rh4 Ka6 82. Rg4 Ka5 83. Rh4 Ka4 84. Kd3
Kb3 85. Rh1 Nxc4 86. Rb1+ Nb2+ 87. Kd2 Rd4+ 88. Ke3 Rd1 0-1

[Event "Lichtenberger Sommer"]
[Site "Berlin"]
[Date "2009.08.23"]
[Round "9.83"]
[White "Junge, Wolfgang"]
[Black "Steppan, Siegfried"]
[Result "1-0"]
[WhiteElo "1835"]
[BlackElo "1584"]
[PlyCount "75"]
[EventDate "2009.??.??"]
[WhiteTeam "SC Friesen Lichtenberg e.V."]
[BlackTeam "SV Werder/H."]

1. d4 Nf6 2. c4 g6 3. Nc3 Bg7 4. e4 d6 5. f4 O-O 6. Nf3 c5 7. d5 b5 8. cxb5 a6
9. bxa6 Bxa6 10. Bxa6 Nxa6 11. O-O Qd7 12. h3 Rfb8 13. Re1 Nc7 14. Nd2 Nb5 15.
Nxb5 Rxb5 16. Nb1 Nh5 17. Nc3 Bd4+ 18. Kh2 Rbb8 19. Qf3 e5 20. dxe6 fxe6 21.
Re2 Rf8 22. g3 Ng7 23. g4 Qb7 24. Qd3 Qe7 25. Nb5 e5 26. f5 gxf5 27. Nxd4 fxe4
28. Qc4+ Kh8 29. Nc2 Qh4 30. Qxe4 Ne6 31. Be3 Nf4 32. Bxf4 exf4 33. Rf1 Qg3+
34. Kh1 Qxh3+ 35. Kg1 Qxg4+ 36. Rg2 Qh4 37. Qf3 Rg8 38. Qc3+ 1-0

[Event "Lichtenberger Sommer"]
[Site "Berlin"]
[Date "2009.08.23"]
[Round "9.84"]
[White "Winz, Michael"]
[Black "Schmalzried, Volker"]
[Result "1-0"]
[WhiteElo "1691"]
[BlackElo "1875"]
[PlyCount "77"]
[EventDate "2009.??.??"]
[WhiteTeam "SC Friesen Lichtenberg e.V."]
[BlackTeam "Umweltbundesamt"]

1. d4 g6 2. c4 Bg7 3. e4 c5 4. Nf3 cxd4 5. Nxd4 Nc6 6. Be3 d6 7. Nc3 Nf6 8. Be2
O-O 9. O-O Bd7 10. Nf3 a6 11. a3 Na7 12. Qd2 b5 13. h3 bxc4 14. Bxc4 Nb5 15.
Bxb5 Bxb5 16. Rfd1 Bc6 17. Qc2 Rc8 18. Qb1 Qc7 19. Nd5 Qb7 20. Qd3 Bxd5 21.
exd5 Qxb2 22. Qxa6 Nxd5 23. Rab1 Qa2 24. Bd4 Bxd4 25. Nxd4 Ra8 26. Qc6 Nf4 27.
Nb5 Rfc8 28. Qe4 e5 29. Nxd6 Ne2+ 30. Kh2 Nc3 31. Qd3 Nxd1 32. Nxc8 Nxf2 33.
Ne7+ Kg7 34. Qb3 Qd2 35. Qg3 Ne4 36. Qxe5+ Nf6 37. Rf1 Qd7 38. Qxf6+ Kh6 39.
Nf5+ 1-0

[Event "Lichtenberger Sommer"]
[Site "Berlin"]
[Date "2009.08.23"]
[Round "9.85"]
[White "Hamar, Dirk"]
[Black "Schlittermann, Wolfgang"]
[Result "1/2-1/2"]
[WhiteElo "1544"]
[BlackElo "1644"]
[PlyCount "71"]
[EventDate "2009.??.??"]
[WhiteTeam "SV Eutin von 1875"]
[BlackTeam "SK Gillette"]

1. c4 c5 2. Nf3 Nf6 3. Nc3 e6 4. e4 d6 5. d4 cxd4 6. Nxd4 a6 7. Bg5 Be7 8. Be3
Bd7 9. Be2 Nc6 10. Nc2 h6 11. Qd2 Qa5 12. Bf4 e5 13. Be3 Ng4 14. Bxg4 Bxg4 15.
f3 Be6 16. Qf2 Qc7 17. Nd5 Bxd5 18. cxd5 Nb8 19. O-O Nd7 20. b4 O-O 21. Rac1
Rac8 22. Nd4 Qb8 23. Nf5 Rfe8 24. Qg3 Bg5 25. Bxg5 hxg5 26. Qxg5 g6 27. Nh6+
Kh7 28. Nxf7 Kg7 29. Nh6 Rxc1 30. Rxc1 Nf6 31. Nf5+ Kf7 32. Nh6+ Kg7 33. Ng4
Nxg4 34. Qxg4 Re7 35. h4 Qa7+ 36. Kh2 1/2-1/2

[Event "Lichtenberger Sommer"]
[Site "Berlin"]
[Date "2009.08.23"]
[Round "9.86"]
[White "Samarian, Cornel"]
[Black "Maslov, Maxim"]
[Result "1/2-1/2"]
[WhiteElo "1811"]
[BlackElo "1412"]
[PlyCount "36"]
[EventDate "2009.??.??"]
[WhiteTeam "SC Pegasus Lohkirchen"]
[BlackTeam "vereinslos"]

1. d4 f5 2. g3 Nf6 3. Bg2 e6 4. Nf3 d5 5. O-O c5 6. c3 Nc6 7. Bf4 cxd4 8. Nxd4
Nxd4 9. Qxd4 Bd7 10. Bg5 Be7 11. Bxf6 Bxf6 12. Qd1 O-O 13. Na3 Qb6 14. Qb3 Qxb3
15. axb3 Bc6 16. e3 a6 17. Rfd1 Rac8 18. Nc2 Rfd8 1/2-1/2

[Event "Lichtenberger Sommer"]
[Site "Berlin"]
[Date "2009.08.23"]
[Round "9.87"]
[White "Jiranek, Benno"]
[Black "Mildenberger, Hans"]
[Result "0-1"]
[WhiteElo "1206"]
[BlackElo "1628"]
[PlyCount "72"]
[EventDate "2009.??.??"]
[WhiteTeam "SC Kreuzberg e.V."]
[BlackTeam "BVG Helmholtz"]

1. d4 Nf6 2. c4 e6 3. Nc3 Bb4 4. Qc2 O-O 5. a3 Bxc3+ 6. Qxc3 d5 7. Bg5 b6 8.
cxd5 exd5 9. e3 Nbd7 10. b4 Bb7 11. Bd3 Rc8 12. Rc1 c5 13. Qb2 cxd4 14. exd4
Qe7+ 15. Ne2 h6 16. Bh4 g5 17. Bg3 Ne4 18. O-O f5 19. h3 f4 20. Bh2 Rxc1 21.
Nxc1 Qe6 22. f3 Ng3 23. Bxg3 fxg3 24. Qd2 Re8 25. Kh1 a6 26. f4 Qe3 27. Qxe3
Rxe3 28. f5 Nf6 29. Rd1 Ne4 30. Kg1 Nf2 31. Rd2 Re1+ 32. Bf1 Rxc1 33. Re2 Kf7
34. Re6 Bc8 35. Rxb6 Bxf5 36. Rb7+ Kg6 0-1

[Event "Lichtenberger Sommer"]
[Site "Berlin"]
[Date "2009.08.23"]
[Round "9.88"]
[White "Radloff, Rainer"]
[Black "Hübner, Alan-Ari"]
[Result "0-1"]
[WhiteElo "1681"]
[BlackElo "1145"]
[PlyCount "100"]
[EventDate "2009.??.??"]
[WhiteTeam "SC Weiße Dame e.V."]
[BlackTeam "KSC Strausberg Abt. Schach"]

1. Nf3 Nf6 2. e3 d5 3. d4 c6 4. Bd3 Nbd7 5. O-O e6 6. c4 Bd6 7. Nc3 O-O 8. Qc2
Re8 9. Bd2 e5 10. cxd5 cxd5 11. dxe5 Nxe5 12. Nxe5 Bxe5 13. Rfd1 b6 14. Be1 Bb7
15. Be2 Qe7 16. Bf3 Red8 17. h3 d4 18. exd4 Bxf3 19. gxf3 Rxd4 20. Rxd4 Bxd4
21. Ne4 Nxe4 22. fxe4 Re8 23. Rc1 h6 24. Bc3 Qxe4 25. Bxd4 Qxd4 26. Rd1 Qc5 27.
Qd2 Qg5+ 28. Kf1 Qxd2 29. Rxd2 g5 30. Rd7 a5 31. Rd6 Re6 32. Rxe6 fxe6 33. Ke2
Kf7 34. Kf3 h5 35. Ke4 Kf6 36. f3 e5 37. a4 Ke6 38. b3 Kf6 39. Kd5 Kf5 40. Kc6
Kf4 41. Kxb6 Kxf3 42. Kxa5 e4 43. b4 e3 44. b5 e2 45. b6 e1=Q+ 46. Ka6 Qe6 47.
Ka7 Qd7+ 48. b7 Qxa4+ 49. Kb8 Qb5 50. Kc8 Qxb7+ 0-1

[Event "Lichtenberger Sommer"]
[Site "Berlin"]
[Date "2009.08.23"]
[Round "9.89"]
[White "Lischeid, Kilian"]
[Black "Stolze, Dirk"]
[Result "0-1"]
[WhiteElo "879"]
[BlackElo "1536"]
[PlyCount "76"]
[EventDate "2009.??.??"]
[WhiteTeam "SC Friesen Lichtenberg e.V."]
[BlackTeam "SK Tempelhof 1931 e.V."]

1. e4 c6 2. Nc3 e5 3. Bc4 Bc5 4. Qh5 Qf6 5. Nf3 d6 6. O-O Nh6 7. d3 b5 8. Bb3
a5 9. a3 Bg4 10. Qh4 Qg6 11. Qg3 O-O 12. h3 Be6 13. Qxg6 hxg6 14. Be3 Nd7 15.
d4 Bxb3 16. cxb3 Bb6 17. Rad1 f5 18. dxe5 Bxe3 19. fxe3 b4 20. Rxd6 bxc3 21.
bxc3 Nc5 22. b4 axb4 23. axb4 Nxe4 24. Rxg6 Rfc8 25. g4 fxg4 26. hxg4 Ng3 27.
Rd1 Ra7 28. e6 Kf8 29. Ne5 Ne4 30. Rd7 Rxd7 31. exd7 Rd8 32. Rxc6 Ke7 33. Rc8
Nd6 34. Rc6 Nhf7 35. Nxf7 Nxf7 36. Rg6 Rg8 37. Kf2 Kxd7 38. Kf3 Ne5+ 0-1

[Event "Lichtenberger Sommer"]
[Site "Berlin"]
[Date "2009.08.23"]
[Round "9.90"]
[White "Glöß, Henrik"]
[Black "Heldt, Ronny"]
[Result "1/2-1/2"]
[WhiteElo "1533"]
[BlackElo "1112"]
[PlyCount "174"]
[EventDate "2009.??.??"]
[WhiteTeam "Sfr.Nord-Ost Berlin"]
[BlackTeam "Treptower SV 1949 e.V."]

1. d4 d5 2. c4 e6 3. Nf3 Nf6 4. Bg5 Nbd7 5. e3 c6 6. Bd3 Qa5+ 7. Nbd2 Bb4 8.
Bh4 O-O 9. O-O Bd6 10. c5 Bb8 11. e4 dxe4 12. Nxe4 Nd5 13. a3 f6 14. Bc4 Qd8
15. Nfd2 e5 16. Nf3 exd4 17. Nd6 Bxd6 18. cxd6 N7b6 19. Qxd4 Nxc4 20. Qxc4 Qxd6
21. Bg3 Qd8 22. Nd4 Bd7 23. b4 Kh8 24. Rfd1 Nb6 25. Qc5 Qc8 26. h3 Be6 27. Re1
Bd5 28. Re7 Rf7 29. Rae1 Rxe7 30. Rxe7 Nd7 31. Qd6 Nb6 32. Rc7 Qd8 33. Qf4 Rc8
34. Rxb7 c5 35. Ne6 Bxe6 36. bxc5 Rxc5 37. Rxa7 Qd1+ 38. Kh2 Rc1 39. Bh4 Qg1+
40. Kg3 Rc3+ 41. f3 Qe1+ 42. Kh2 Qe5 43. Qxe5 fxe5 44. Re7 Bg8 45. Rb7 Na4 46.
Be7 Nc5 47. Rb5 Nd7 48. Bd6 h6 49. a4 Rc6 50. Bb8 Rc5 51. Rb1 Rc4 52. Ra1 Nb6
53. a5 Ra4 54. Rb1 Nc4 55. Bc7 Nxa5 56. Bxe5 Nc6 57. Bd6 Ra2 58. Rc1 Nd4 59.
Kh1 Nb3 60. Rc7 Ra6 61. Be5 Rg6 62. g3 Nd2 63. Kg2 Be6 64. h4 h5 65. Kf2 Nc4
66. Bc3 Kg8 67. Rc5 Nb6 68. Rxh5 Nd5 69. Ba1 Nf6 70. Ra5 Kf7 71. Ra7+ Nd7 72.
Bd4 Rh6 73. Be3 Rh8 74. Bg5 Rc8 75. g4 Kg6 76. Ra3 Rf8 77. Kg3 Bd5 78. Bd2 Kh7
79. f4 Rb8 80. h5 Rb3+ 81. Rxb3 Bxb3 82. g5 g6 83. h6 Nc5 84. Kf2 Bd5 85. Ke3
Nb3 86. Bc3 Be6 87. Ke4 Bf5+ 1/2-1/2

[Event "Lichtenberger Sommer"]
[Site "Berlin"]
[Date "2009.08.23"]
[Round "9.91"]
[White "Theilig, Reinhard"]
[Black "Schröder, Gert"]
[Result "1-0"]
[WhiteElo "1559"]
[BlackElo "1154"]
[PlyCount "77"]
[EventDate "2009.??.??"]
[WhiteTeam "SG TT/Wiheil"]
[BlackTeam "SV Königsjäger Süd-West e.V."]

1. Nf3 Nf6 2. c4 c6 3. g3 g6 4. Bg2 Bg7 5. Nc3 O-O 6. O-O d6 7. d3 Nbd7 8. Qc2
Re8 9. b3 Qc7 10. Bb2 Nf8 11. Rac1 Ne6 12. e3 Nc5 13. b4 Na6 14. a3 Bd7 15. Qd1
Rad8 16. Re1 b6 17. Qb3 Qb7 18. d4 e5 19. b5 Nb8 20. a4 a5 21. Ba3 Qc8 22. Bxd6
Bh3 23. Bxe5 Bxg2 24. Kxg2 Nbd7 25. Bxf6 Nxf6 26. Ne5 Qf5 27. c5 cxb5 28. Nxf7
bxa4 29. Qa2 Nd5 30. Nxd8 Rxd8 31. e4 Qc8 32. Nxd5 Kh8 33. cxb6 Qd7 34. Rc7 Qb5
35. b7 h6 36. Rc8 Qe8 37. Qc2 Bxd4 38. Rxd8 Qxd8 39. Qc8 1-0

[Event "Lichtenberger Sommer"]
[Site "Berlin"]
[Date "2009.08.23"]
[Round "9.92"]
[White "Stiewe, Frank"]
[Black "Gestrich, Wolfgang"]
[Result "1/2-1/2"]
[WhiteElo "1372"]
[BlackElo "1723"]
[PlyCount "46"]
[EventDate "2009.??.??"]
[WhiteTeam "vereinslos"]
[BlackTeam "Potsdamer SV Mitte e.V."]

1. e4 d5 2. exd5 Qxd5 3. Nc3 Qd6 4. d4 Nf6 5. Nf3 c6 6. h3 Bf5 7. Bd3 Bg6 8.
Be3 e6 9. Qe2 Be7 10. O-O-O Nd5 11. Bxg6 hxg6 12. Ne4 Qd8 13. Bd2 Bb4 14. Qc4
b5 15. Qb3 a5 16. Bxb4 axb4 17. Nc5 Qa5 18. Kb1 Nd7 19. Nxd7 Kxd7 20. Ne5+ Kc7
21. Nd3 Ra7 22. Nc1 Nb6 23. Qg3+ Kd7 1/2-1/2

[Event "Lichtenberger Sommer"]
[Site "Berlin"]
[Date "2009.08.23"]
[Round "9.93"]
[White "Stiemerling, Karl-Heinz"]
[Black "Glase, Johan"]
[Result "1-0"]
[WhiteElo "1766"]
[BlackElo "964"]
[PlyCount "74"]
[EventDate "2009.??.??"]
[WhiteTeam "SG Eckturm"]
[BlackTeam "SC Friesen Lichtenberg e.V."]

1. b3 d5 2. Bb2 Nc6 3. e3 e5 4. f3 Nf6 5. Bb5 Bd6 6. Qe2 O-O 7. Qf2 Nb4 8. c3
Nc2+ 9. Kd1 Nxa1 10. Bxa1 Bf5 11. Kc1 c6 12. Be2 Qa5 13. d3 e4 14. fxe4 dxe4
15. d4 Ng4 16. Bxg4 Bxg4 17. h3 Bh5 18. g4 Bg6 19. h4 f5 20. gxf5 Rxf5 21. Qe2
Raf8 22. Nh3 Ba3+ 23. Kc2 Bh5 24. Qc4+ Bf7 25. Qe2 Be6 26. Nf4 Bd6 27. Nd2
Qxa2+ 28. Bb2 Bxf4 29. Ra1 Bxb3+ 30. Nxb3 Bxe3 31. Qc4+ Kh8 32. Rxa2 Rf2+ 33.
Kb1 Rf1+ 34. Bc1 Bxc1 35. Nxc1 e3 36. Re2 R8f3 37. Qe6 R1f2 1-0

[Event "Lichtenberger Sommer"]
[Site "Berlin"]
[Date "2009.08.23"]
[Round "9.94"]
[White "Stark, Steven"]
[Black "Möller, Dirk"]
[Result "0-1"]
[WhiteElo "1169"]
[BlackElo "1602"]
[PlyCount "48"]
[EventDate "2009.??.??"]
[WhiteTeam "VfB Hermsdorf e.V."]
[BlackTeam "SC Kreuzberg e.V."]

1. e4 e5 2. Nf3 Nf6 3. Nc3 Bb4 4. Nxe5 Bxc3 5. dxc3 O-O 6. Qf3 Re8 7. Qf4 d6 8.
Nd3 Rxe4+ 9. Be2 Rxf4 10. Bxf4 Ne4 11. O-O Nc6 12. f3 Nf6 13. Rfe1 Nh5 14. Bd1
Bf5 15. g4 Bxd3 16. cxd3 Nxf4 17. Bc2 Qh4 18. Red1 Re8 19. Rd2 Re2 20. Rxe2
Nxe2+ 21. Kg2 Nf4+ 22. Kg1 Ne5 23. d4 Qh3 24. Be4 Qg2# 0-1

[Event "Lichtenberger Sommer"]
[Site "Berlin"]
[Date "2009.08.23"]
[Round "9.95"]
[White "Oberbacher, Michael"]
[Black "Kammler, Hans-Joachim"]
[Result "0-1"]
[WhiteElo "1301"]
[BlackElo "1276"]
[PlyCount "72"]
[EventDate "2009.??.??"]
[WhiteTeam "SC Braunschweig Gliesmarode v. 1"]
[BlackTeam "SG Eckturm"]

1. e4 e6 2. d4 d5 3. e5 c5 4. Be3 Qa5+ 5. Nc3 Bd7 6. f4 cxd4 7. Bxd4 Nc6 8. Nf3
Nxd4 9. Nxd4 Rc8 10. Nb3 Qb6 11. Qd3 Bb4 12. Be2 Ne7 13. Nd4 a6 14. a3 Bc5 15.
Nb3 O-O 16. O-O-O Be3+ 17. Kb1 Bxf4 18. Qh3 Bxe5 19. Bd3 g6 20. g4 Bxc3 21.
bxc3 Rxc3 22. Ka2 Ba4 23. Rb1 Bxb3+ 24. Rxb3 Rxb3 25. cxb3 Qf2+ 26. Kb1 Qc5 27.
b4 Qc3 28. Rf1 Qxa3 29. Rf2 Qxb4+ 30. Rb2 Qe1+ 31. Ka2 b5 32. Be2 Rc8 33. Qa3
Nc6 34. Bd3 e5 35. Re2 Nb4+ 36. Kb2 Qc1+ 0-1

[Event "Lichtenberger Sommer"]
[Site "Berlin"]
[Date "2009.08.23"]
[Round "9.96"]
[White "Fege, Julian"]
[Black "Richter, Dirk"]
[Result "1/2-1/2"]
[WhiteElo "1007"]
[BlackElo "1448"]
[PlyCount "53"]
[EventDate "2009.??.??"]
[WhiteTeam "SC Friesen Lichtenberg e.V."]
[BlackTeam "SG Lok Brandenburg, Abt. Schach"]

1. e4 Nf6 2. Nc3 d5 3. exd5 Nxd5 4. Be2 Nxc3 5. dxc3 Qxd1+ 6. Bxd1 Nc6 7. Nf3
Bg4 8. O-O O-O-O 9. Bf4 e6 10. Ne5 Nxe5 11. Bxe5 Bxd1 12. Raxd1 f6 13. Bd4 a6
14. Rd3 Be7 15. f4 Rd7 16. Rfd1 Rhd8 17. Kf1 c5 18. Bf2 Kc7 19. Ke2 Rxd3 20.
Rxd3 Kc6 21. Rg3 g6 22. Rh3 h5 23. Rg3 Rg8 24. Re3 Kd6 25. Rd3+ Kc6 26. Re3 Kd6
27. Rd3+ 1/2-1/2

[Event "Lichtenberger Sommer"]
[Site "Berlin"]
[Date "2009.08.23"]
[Round "9.97"]
[White "Heyne, Klaus"]
[Black "Berg, Gerd"]
[Result "0-1"]
[WhiteElo "1169"]
[BlackElo "1657"]
[PlyCount "86"]
[EventDate "2009.??.??"]
[WhiteTeam "SC Rotation Pankow e.V."]
[BlackTeam "SK König Tegel 1949 e.V."]

1. d4 Nf6 2. c4 e6 3. Nc3 a6 4. Nf3 Be7 5. e3 O-O 6. Be2 b6 7. a3 Bb7 8. b4 h6
9. Bb2 a5 10. b5 d5 11. a4 Nbd7 12. O-O c5 13. Ba3 cxd4 14. Nxd4 Bxa3 15. Rxa3
Rc8 16. cxd5 Nxd5 17. Nxd5 Bxd5 18. Bf3 Ne5 19. Bxd5 Qxd5 20. Nb3 Qxd1 21. Rxd1
Nc4 22. Raa1 Rfd8 23. h3 Nb2 24. Rf1 Rc3 25. Nd4 Rc4 26. Nc6 Rd2 27. Rfb1 Nxa4
28. Nxa5 bxa5 29. b6 Rd8 30. Rb5 Rb8 31. b7 Nc3 32. Rbxa5 Rxb7 33. Ra8+ Kh7 34.
R1a7 Rxa7 35. Rxa7 Kg6 36. Rd7 Ne4 37. f3 Rc1+ 38. Kh2 Nf6 39. Rd4 Rc2 40. e4
Re2 41. Ra4 Nh5 42. Ra5 Nf4 43. Kg3 Nxg2 0-1

[Event "Lichtenberger Sommer"]
[Site "Berlin"]
[Date "2009.08.23"]
[Round "9.99"]
[White "Lippianowski, Stefan"]
[Black "Tschirschwitz, Stephan"]
[Result "0-1"]
[WhiteElo "936"]
[BlackElo "1561"]
[PlyCount "96"]
[EventDate "2009.??.??"]
[WhiteTeam "Treptower SV 1949 e.V."]
[BlackTeam "SG Lasker Steglitz-Wilmersdorf"]

1. e4 c5 2. Bc4 Nc6 3. Nf3 d6 4. Nc3 e6 5. d4 cxd4 6. Nxd4 a6 7. a4 Nf6 8. Nce2
Nxe4 9. O-O d5 10. Bd3 Nc5 11. Be3 Nxd3 12. Qxd3 Ne5 13. Qc3 Bd6 14. Nf3 Nxf3+
15. gxf3 Qh4 16. f4 Qg4+ 17. Kh1 Qf3+ 18. Kg1 e5 19. Bd2 Qxc3 20. Nxc3 Be6 21.
Ne2 Rc8 22. c3 O-O 23. Rad1 Bf5 24. f3 Bd3 25. Rfe1 Bxe2 26. Rxe2 exf4 27. Be1
Bc5+ 28. Kg2 Rcd8 29. b4 Be3 30. Bh4 f6 31. Bf2 Rfe8 32. Kf1 Kf7 33. Kg2 Bxf2
34. Rxe8 Kxe8 35. Kxf2 Ke7 36. Re1+ Kd6 37. Rd1 Rc8 38. Rc1 b5 39. a5 Re8 40.
Rg1 g5 41. h3 Re3 42. Rg2 Rxc3 43. Rg1 Rc2+ 44. Kf1 Rc1+ 45. Kf2 Rxg1 46. Kxg1
Ke5 47. Kf2 Kd4 48. Ke2 Kc3 0-1